Fr. Conceicao Rodrigues College of Engineering

VB Script for Dummies (Record no. 24843)

MARC details
000 -LEADER
fixed length control field 00294nam a2200145Ia 4500
082 ## - DEWEY DECIMAL CLASSIFICATION NUMBER
Classification number 005.133'VB'
Item number WAL
100 ## - MAIN ENTRY--PERSONAL NAME
Personal name Walkenbach/J
245 ## - TITLE STATEMENT
Title VB Script for Dummies
260 ## - PUBLICATION, DISTRIBUTION, ETC.
Name of publisher, distributor, etc. ComDex
Date of publication, distribution, etc. 1997
300 ## - PHYSICAL DESCRIPTION
Extent 380
546 ## - LANGUAGE NOTE
Language note ENGLISH
654 ## - SUBJECT ADDED ENTRY--FACETED TOPICAL TERMS
Focus term computer
942 ## - ADDED ENTRY ELEMENTS (KOHA)
Koha item type BOOK
Holdings
Withdrawn status Lost status Damaged status Not for loan Collection Home library Current library Date acquired Total Checkouts Full call number Barcode Date last seen Price effective from Koha item type
        CRC Fr. Agnel's C.Rodrigues College of Engineering Fr. Agnel's C.Rodrigues College of Engineering 17/03/2023   005.133'VB' WAL 11479 17/03/2023 17/03/2023 BOOK